[Event "Sua vez, Glauber!"]
[Site "http://www.queenalice.com/game.php?id=1191597"]
[Date "2013.6.16"]
[Round "-"]
[White "queirozglauber"]
[Black "ATeixeira"]
[Result "0-1"]
[WhiteElo "1500"]
[BlackElo "2143"]

1. e4 e6 2. d4 d5 3. e5 c5 4. c3 Nc6 5. Nf3 Qb6 6. Bd3 Bd7 7. O-O cxd4 8. cxd4
Nxd4 9. Nbd2 Nxf3+ 10. Nxf3 Bc5 11. b4 Bf8 12. Be3 Qd8 13. b5 Ne7 14. Qb3 Ng6
15. Rac1 b6 16. h4 Nxh4 17. Nd4 Ng6 18. f4 Bc5 19. Rxc5 bxc5 0-1

[Event "Challenge"]
[Site "http://www.queenalice.com/game.php?id=1192205"]
[Date "2013.6.19"]
[Round "-"]
[White "ATeixeira"]
[Black "queirozglauber"]
[Result "1/2-1/2"]
[WhiteElo "2138"]
[BlackElo "1500"]

1. e4 c5 2. c3 d5 3. exd5 Qxd5 4. d4 e5 5. Bb5+ Bd7 6. Bxd7+ Nxd7 7. dxe5 Qxd1+
8. Kxd1 Nxe5 9. Nh3 O-O-O+ 10. Kc2 f6 11. Bf4 Bd6 12. Na3 a6 13. Bxe5 Bxe5 14.
Nc4 Bc7 15. a4 Ne7 16. Rad1 Nd5 17. Rhe1 b5 18. Nd2 Rhe8 19. Ne4 c4 20. Nc5 Rxe1
21. Rxe1 Rd6 22. Re8+ Bd8 23. axb5 axb5 24. Rh8 h6 25. Rh7 Bb6 26. Ne4 Rd7 27.
g4 Kc7 28. Ng3 Bc5 29. Nf5 Bf8 30. Nd4 Kb6 31. Ne6 Bd6 32. Rxg7 Rxg7 33. Nxg7
Bxh2 34. Nf5 Nf4 35. Nxf4 Bxf4 36. f3 Kc5 37. b3 b4 38. cxb4+ Kxb4 39. bxc4 Kxc4
40. Nh4 Be3 1/2-1/2

[Event " outra vez"]
[Site "http://www.queenalice.com/game.php?id=1193257"]
[Date "2013.6.22"]
[Round "-"]
[White "queirozglauber"]
[Black "ATeixeira"]
[Result "1-0"]
[WhiteElo "1500"]
[BlackElo "2153"]

1. d4 Nf6 2. c4 g6 3. Nc3 Bg7 4. e4 d6 5. Bd3 O-O 6. Nge2 e5 7. d5 c6 8. b4 cxd5
9. cxd5 Qb6 10. Rb1 Ng4 11. O-O f5 12. h3 Nf6 13. Be3 Qd8 14. f3 f4 15. Bf2 Rf7
16. a4 h6 17. Qb3 g5 18. Rfc1 h5 19. Nb5 a6 20. Na3 g4 21. hxg4 hxg4 22. a5 g3
23. Bb6 Qe8 24. Kf1 Nbd7 25. Nc4 Bf8 26. Bg1 Rh7 27. Rc2 Rh1 28. Ke1 Nh7 29. Kd2
Ndf6 30. Nb6 Rb8 31. Nxc8 Rxc8 32. Rxc8 Qxc8 33. Rc1 Qb8 34. Ba7 Qxa7 35. Rxh1
Qf2 36. Rg1 Ng5 37. Qd1 Nxf3+ 38. gxf3 Qxf3 39. Nc3 Qe3+ 40. Kc2 Qd4 41. Kb3 Bg7
42. Be2 Qe3 43. Bf3 Kf8 44. Rg2 Nxd5 45. Qxd5 Qxf3 46. Qxd6+ Kg8 47. Qe6+ Kh7
48. Qh3+ Kg8 49. Rd2 Bf6 50. Qe6+ 1-0

[Event "Aloisio-Glauber"]
[Site "http://www.queenalice.com/game.php?id=1194099"]
[Date "2013.6.25"]
[Round "-"]
[White "ATeixeira"]
[Black "queirozglauber"]
[Result "1/2-1/2"]
[WhiteElo "2153"]
[BlackElo "1500"]

1. e4 c5 2. Nc3 a6 3. g3 b5 4. Bg2 Nc6 5. d3 e6 6. Nf3 Bd6 7. O-O Bb7 8. Ne2 Rc8
9. a4 Nge7 10. axb5 axb5 11. Nc3 Qb6 12. Be3 Nd4 13. Ne2 Nec6 14. c3 Nxf3+ 15.
Bxf3 Ne5 16. Bg2 Ng4 17. Bd2 f5 18. h3 Nf6 19. Qc2 fxe4 20. dxe4 c4 21. Be3 Bc5
22. Bd4 O-O 23. Rad1 d6 24. Rd2 e5 25. Bxc5 dxc5 26. Rfd1 Rcd8 27. f3 Bc8 28.
Rxd8 Rxd8 29. Rd2 Rd7 30. Qd1 Qd8 31. Rxd7 Qxd7 32. Qxd7 Bxd7 33. Kf2 g5 34. f4
gxf4 35. gxf4 Be6 36. Ke3 Nd7 37. Ng3 Nb6 38. f5 Bd7 39. Kd2 Na4 40. Kc2 Kg7 41.
h4 b4 42. Bf1 b3+ 43. Kc1 Nb6 44. Be2 Bc6 45. Bf3 Nc8 46. Nf1 Nd6 47. Nd2 Kf6
48. Kd1 Be8 49. Be2 Bf7 50. Ke1 h6 51. Kf2 Kg7 52. Ke3 Kf6 53. Kf2 1/2-1/2

[Event "Challenge"]
[Site "http://www.queenalice.com/game.php?id=1194543"]
[Date "2013.6.26"]
[Round "-"]
[White "queirozglauber"]
[Black "ATeixeira"]
[Result "1/2-1/2"]
[WhiteElo "1500"]
[BlackElo "2157"]

1. Nf3 d5 2. g3 Nf6 3. d3 Nbd7 4. Nbd2 e5 5. e4 dxe4 6. dxe4 Bc5 7. Bg2 O-O 8.
O-O a6 9. a4 Qe7 10. Qe2 Re8 11. Rd1 Nf8 12. Nc4 Bg4 13. h3 Bxf3 14. Bxf3 Red8
15. Be3 Bxe3 16. Nxe3 Ne6 17. c3 c6 18. Nc4 Ng5 19. Ne3 Nxf3+ 20. Qxf3 g6
1/2-1/2

[Event "  Sua vez"]
[Site "http://www.queenalice.com/game.php?id=1195527"]
[Date "2013.6.29"]
[Round "-"]
[White "ATeixeira"]
[Black "queirozglauber"]
[Result "1-0"]
[WhiteElo "2157"]
[BlackElo "1500"]

1. Nf3 d5 2. c4 c6 3. d4 dxc4 4. a4 e6 5. e3 b5 6. Bd2 Bb7 7. axb5 cxb5 8. Nc3
a6 9. Be2 Nd7 10. O-O Ngf6 11. Qc2 Bb4 12. Nxb5 Qb6 13. Bxb4 axb5 14. Rxa8+ Bxa8
15. Ra1 Be4 16. Qc1 Bb7 17. Nd2 Nd5 18. Ba5 Qd6 19. Ne4 Qe7 20. Nc3 Bc6 21. b3
Qg5 22. Ne4 Qg6 23. Ng3 O-O 24. bxc4 bxc4 25. Qxc4 e5 26. Bd3 N5b6 27. Qc2 Qe6
28. Bxh7+ Kh8 29. Bf5 Qc4 30. Bxb6 Nxb6 31. dxe5 Qxc2 32. Bxc2 Nc4 33. f4 Nxe3
34. Be4 1-0

[Event "Minha vez"]
[Site "http://www.queenalice.com/game.php?id=1197377"]
[Date "2013.7.6"]
[Round "-"]
[White "queirozglauber"]
[Black "ATeixeira"]
[Result "1-0"]
[WhiteElo "1500"]
[BlackElo "2168"]

1. e4 c6 2. d4 d5 3. e5 Qb6 4. c4 dxc4 5. Bxc4 Bf5 6. Nc3 e6 7. Nge2 Ne7 8. Be3
Nd5 9. O-O Be7 10. Bd3 Bxd3 11. Qxd3 Na6 12. Rfb1 Nab4 13. Qd1 Rd8 14. a3 Na6
15. b4 Nb8 16. Na4 Qc7 17. Nc5 Nd7 18. Qc1 O-O 19. Rb3 a5 20. Bg5 Bxg5 21. Qxg5
axb4 22. axb4 Ra8 23. Rab1 b6 24. Rg3 g6 25. Ne4 f5 26. Nd6 c5 27. Qh6 N7f6 28.
bxc5 Ng4 29. Qd2 bxc5 30. Nb5 Qa5 31. Qxa5 Rxa5 32. h3 Nh6 33. dxc5 f4 34. Rgb3
Nf7 35. Ned4 Nxe5 36. Nxe6 Rf6 37. Nbd4 Ra8 38. Rb8+ Rxb8 39. Rxb8+ Kf7 40. Ng5+
Kg7 41. Rb7+ Kh6 42. h4 1-0

[Event "I Torneio Rápid"]
[Site "http://www.queenalice.com/game.php?id=1201558"]
[Date "2013.7.21"]
[Round "1"]
[White "queirozglauber"]
[Black "Zugswang"]
[Result "1-0"]
[WhiteElo "1500"]
[BlackElo "2173"]

1. Nf3 Nf6 2. c4 c5 3. Nc3 Nc6 4. g3 g6 5. Bg2 Bg7 6. O-O O-O 7. e3 d6 8. Qe2 e5
9. d3 Be6 10. Rb1 h6 11. Bd2 d5 12. e4 d4 13. Nd5 a5 14. a3 Nd7 15. Qd1 f5 16.
Nh4 Kh7 17. exf5 Bxf5 18. Nxf5 gxf5 19. Qf3 Nb6 20. Qh5 Nxd5 21. Bxd5 Qd7 22. b4
axb4 23. axb4 Ne7 24. Bg2 Ra2 25. Rfd1 Qa4 26. bxc5 Qc2 27. Rxb7 Ng8 28. Bh3 Kh8
29. Qg6 Qxd1+ 30. Kg2 Ne7 31. Rxe7 Rg8 32. Bxf5 1-0

[Event "I Torneio Rápid"]
[Site "http://www.queenalice.com/game.php?id=1202777"]
[Date "2013.7.26"]
[Round "2"]
[White "queirozglauber"]
[Black "josebaron"]
[Result "1-0"]
[WhiteElo "1500"]
[BlackElo "1994"]

1. Nf3 e6 2. c4 Nf6 3. a3 Be7 4. Nc3 c6 5. e4 d6 6. d4 e5 7. dxe5 dxe5 8. Qxd8+
Bxd8 9. Nxe5 Nbd7 10. Nxd7 Bxd7 11. f3 Be6 12. Bg5 h6 13. Bh4 Nd7 14. Bf2 Bf6
15. Rc1 O-O 16. f4 Bxc3+ 17. Rxc3 Bg4 18. h3 Bh5 19. Rd3 Nb6 20. b3 Rad8 21. g4
Rxd3 22. Bxd3 Rd8 23. Ke2 Bg6 24. f5 Bh7 25. a4 f6 26. a5 Nc8 27. Rd1 a6 28. Bc5
Kh8 29. h4 Bg8 30. g5 fxg5 31. hxg5 hxg5 32. Rh1+ Bh7 33. e5 Kg8 34. Rf1 Re8 35.
Bd4 Ne7 36. e6 Nxf5 37. Bxf5 Bxf5 38. Rxf5 Rxe6+ 39. Re5 Rxe5+ 40. Bxe5 Kh7 41.
Kf3 Kh6 42. Kg4 Kg6 43. Bd4 Kh6 44. Be3 g6 45. Bxg5+ Kg7 46. Kf4 Kf7 47. Ke5 1-0

[Event "Challenge"]
[Site "http://www.queenalice.com/game.php?id=1219325"]
[Date "2013.9.23"]
[Round "-"]
[White "ATeixeira"]
[Black "queirozglauber"]
[Result "1-0"]
[WhiteElo "2117"]
[BlackElo "1500"]

1. e4 c5 2. Nf3 d6 3. d4 cxd4 4. Qxd4 a6 5. Be3 Nc6 6. Qd2 Nf6 7. Nc3 e6 8. Be2
Be7 9. O-O b5 10. a3 Bb7 11. Rad1 Qc7 12. Ne1 Ne5 13. h3 h5 14. f4 Nc4 15. Bxc4
Qxc4 16. e5 Nd5 17. Nxd5 Bxd5 18. f5 dxe5 19. Nd3 Rc8 20. c3 Bf6 21. fxe6 Bxe6
22. Bg5 Rd8 23. Rxf6 e4 24. Rxe6+ 1-0

[Event "Challenge"]
[Site "http://www.queenalice.com/game.php?id=1220885"]
[Date "2013.9.29"]
[Round "-"]
[White "queirozglauber"]
[Black "ATeixeira"]
[Result "1-0"]
[WhiteElo "1500"]
[BlackElo "2148"]

1. d4 Nf6 2. c4 e6 3. Nf3 b6 4. g3 Ba6 5. Qc2 Be7 6. Bg2 c6 7. O-O O-O 8. b3 d5
9. Re1 Nbd7 10. Nbd2 Rc8 11. Bb2 Re8 12. e4 dxe4 13. Ng5 Nd5 14. Ngxe4 b5 15.
cxd5 cxd5 16. Nc5 Nxc5 17. dxc5 Bxc5 18. Qd1 Qb6 19. Qf3 Bb4 20. Qf4 Bc3 21.
Bxc3 Rxc3 22. Bxd5 Rd8 23. Be4 1-0

[Event "Challenge"]
[Site "http://www.queenalice.com/game.php?id=1222171"]
[Date "2013.10.4"]
[Round "-"]
[White "ATeixeira"]
[Black "queirozglauber"]
[Result "0-1"]
[WhiteElo "2136"]
[BlackElo "1530"]

1. Nc3 Nf6 2. Nf3 g6 3. e4 d6 4. Bc4 Bg7 5. O-O O-O 6. Bb3 c5 7. d3 Nc6 8. a4
Ng4 9. Ng5 Nd4 10. Ba2 h6 11. Nf3 Ne5 12. Nxe5 dxe5 13. f4 exf4 14. Bxf4 Be6 15.
Nd5 Qd7 16. c3 Bg4 17. Qd2 Ne2+ 18. Kh1 Nxf4 19. Rxf4 h5 20. Raf1 Bh6 21. Rxf7
Bxd2 22. Nf6+ exf6 23. Rxd7+ Kh8 24. Rxb7 Rad8 25. Bd5 Rd7 26. Rxd7 Bxd7 27. e5
Bf5 28. e6 Re8 29. Rd1 Bxe6 30. Bc6 Rc8 31. Be4 f5 32. Bf3 Bg5 33. Re1 Bf7 34.
g3 Re8 35. Rb1 Re3 0-1

[Event "Amigos do Face"]
[Site "http://www.queenalice.com/game.php?id=1248248"]
[Date "2014.1.15"]
[Round "1"]
[White "Puljiz"]
[Black "queirozglauber"]
[Result "0-1"]
[WhiteElo "1448"]
[BlackElo "1560"]

1. e4 c5 2. Nf3 d6 3. d4 cxd4 4. Nxd4 Nf6 5. Nc3 a6 6. Be2 e5 7. Nf3 h6 8. a4
Be6 9. Be3 Nc6 10. O-O Be7 11. Nd5 Nxe4 12. Bb6 Qc8 13. Nc7+ Kf8 14. Nxa8 Qxa8
15. c4 f5 16. Re1 Qc8 17. Rc1 Nc5 18. b3 e4 19. Nd2 Ne5 20. Rc2 Kf7 21. a5 Qc6
22. Bh5+ Kg8 23. Re3 Kh7 24. Qf1 Bg5 25. Re2 Ned3 26. f3 Nf4 27. fxe4 Nxh5 28.
exf5 Bd7 29. Nf3 Nf4 30. Nxg5+ hxg5 31. Re7 Bxf5 32. Rf2 Nce6 33. Be3 Re8 34.
Rxe8 Qxe8 35. h3 Qh5 36. Rd2 Be4 37. Qe1 d5 38. cxd5 Bxd5 39. b4 Qg6 40. Bxf4
Nxf4 41. Kh2 Qe4 42. Qxe4+ Bxe4 43. Rb2 Nxg2 44. b5 axb5 45. Rxb5 Nh4 46. Rb6
Nf5 47. a6 bxa6 48. Rxa6 g6 49. Re6 Bd3 50. Kg2 Bc4 51. Re8 Bd5+ 52. Kf2 Kg7 53.
Re5 Bc6 54. Rc5 Be8 55. Rc8 Bf7 56. Rc7 Kf6 57. Kf3 Be6 58. Rh7 Ne7 59. Rh8 Bg8
60. Kg4 Kg7 61. Rxg8+ Nxg8 62. Kxg5 Nf6 63. h4 Nh5 0-1

[Event "Amigos do Face"]
[Site "http://www.queenalice.com/game.php?id=1274197"]
[Date "2014.4.18"]
[Round "2"]
[White "Rafaelpimentel"]
[Black "queirozglauber"]
[Result "0-1"]
[WhiteElo "2102"]
[BlackElo "1572"]

1. Nf3 d5 2. b3 c5 3. e3 a6 4. Bb2 Nc6 5. Be2 d4 6. O-O Nf6 7. d3 e5 8. Nbd2 Bd6
9. e4 O-O 10. a4 Ne8 11. Nc4 Be6 12. Ba3 a5 13. Nfd2 b6 14. Bg4 Bc7 15. Bxe6
fxe6 16. Qg4 Rf6 17. h4 Qe7 18. Nf3 Rf7 19. Qh3 h6 20. h5 Qf6 21. Nh2 Qe7 22.
Ng4 Nf6 23. f3 Raf8 24. Bc1 Nxg4 25. Qxg4 Rf6 26. Bd2 g5 27. hxg6 Qg7 28. Qh5
Rxg6 29. Qh3 Nb4 30. Bxb4 cxb4 31. Rf2 Rf4 32. Kf1 h5 0-1

[Event "Amigos do Face"]
[Site "http://www.queenalice.com/game.php?id=1297451"]
[Date "2014.7.26"]
[Round "3"]
[White "queirozglauber"]
[Black "ATeixeira"]
[Result "1-0"]
[WhiteElo "1602"]
[BlackElo "2165"]

1. Nf3 Nf6 2. d4 d5 3. c4 e6 4. Nc3 Nbd7 5. cxd5 Nxd5 6. e4 Nxc3 7. bxc3 c5 8.
Be3 cxd4 9. cxd4 Be7 10. Bd3 Bb4+ 11. Bd2 Bxd2+ 12. Qxd2 Nf6 13. O-O h6 14. Qb4
Qe7 15. Qb5+ Qd7 16. Qb2 O-O 17. Rfd1 Rd8 18. Rac1 b6 19. Bb5 Qe7 20. Ne5 Bb7
21. f3 Rac8 22. Nc6 Bxc6 23. Bxc6 Rc7 24. Rd2 Rdc8 25. Rdc2 Nd7 26. g3 Nc5 27.
Bb5 Nb7 28. Kg2 Na5 29. Rxc7 Rxc7 30. Rc3 Rxc3 31. Qxc3 Qb7 32. a4 Qb8 33. d5
exd5 34. exd5 Nb7 35. Qc6 Nd6 36. Qd7 g6 37. f4 h5 38. Kf3 Kg7 39. Qe7 Kg8 40.
Bd3 a5 41. f5 b5 42. axb5 a4 43. fxg6 fxg6 44. Qe6+ Kf8 45. Qf6+ Kg8 46. Qxg6+
Kf8 47. Qf6+ Kg8 48. Qg5+ Kf8 49. Qf4+ 1-0

[Event "Challenge"]
[Site "http://www.queenalice.com/game.php?id=1312554"]
[Date "2014.10.4"]
[Round "-"]
[White "queirozglauber"]
[Black "ATeixeira"]
[Result "1-0"]
[WhiteElo "1632"]
[BlackElo "2147"]

1. e4 Nf6 2. d3 Nc6 3. Nf3 g6 4. g3 Bg7 5. Bg2 O-O 6. O-O d6 7. h3 Bd7 8. c3 e5
9. Be3 Qe8 10. Nh4 Nh5 11. Kh2 Qe7 12. Qd2 a6 13. Bf3 Nf6 14. Na3 b5 15. b4 Rfb8
16. Nc2 Nd8 17. d4 Nb7 18. Rfe1 Be6 19. d5 Bd7 20. Bg5 a5 21. a3 c6 22. Ne3 c5
23. Ng4 Bxg4 24. hxg4 Qd7 25. Bxf6 Bxf6 26. Ng2 Qe7 27. Be2 axb4 28. axb4 c4 29.
Ra2 Nd8 30. Rea1 Qb7 31. Qe3 Rxa2 32. Rxa2 Qb6 33. Qxb6 Rxb6 34. Ra8 Kf8 35. Ne3
Ke7 36. Ra7+ Ke8 37. Bxc4 bxc4 38. Nxc4 1-0

[Event "Challenge"]
[Site "http://www.queenalice.com/game.php?id=1318835"]
[Date "2014.10.28"]
[Round "-"]
[White "gobblemate"]
[Black "queirozglauber"]
[Result "0-1"]
[WhiteElo "1865"]
[BlackElo "1662"]

1. d4 Nf6 2. c4 g6 3. Nc3 d5 4. cxd5 Nxd5 5. e4 Nxc3 6. bxc3 Bg7 7. f4 c5 8. Be3
O-O 9. Nf3 Bg4 10. Be2 Qa5 11. Qd2 Rd8 12. e5 cxd4 13. cxd4 Nc6 14. Qxa5 Nxa5
15. O-O Rac8 16. Rac1 Be6 17. Nd2 Bd5 18. Kf2 Rxc1 19. Rxc1 Nc6 20. Nb3 e6 21.
Nc5 b6 22. Nb3 Bf8 23. g4 Ba3 24. Rd1 Ne7 25. h4 Rc8 26. Bd3 Rc3 27. Bc1 Bxb3
28. Bxa3 Bxd1 0-1

[Event "Challenge"]
[Site "http://www.queenalice.com/game.php?id=1396327"]
[Date "2015.11.27"]
[Round "-"]
[White "ATeixeira"]
[Black "queirozglauber"]
[Result "0-1"]
[WhiteElo "2122"]
[BlackElo "1686"]

1. e4 c5 2. Nf3 d6 3. d4 cxd4 4. Nxd4 Nf6 5. Nc3 a6 6. Be3 e5 7. Nb3 Be6 8. Qd2
Nbd7 9. Be2 b5 10. a3 Be7 11. f3 O-O 12. O-O Qc7 13. Kh1 Rac8 14. Rac1 Nb6 15.
Qe1 d5 16. exd5 Nbxd5 17. Nxd5 Nxd5 18. Bd2 Nf4 19. Bxf4 exf4 20. Nd4 Bd5 21.
Bd3 Bf6 22. Qf2 Rfd8 23. c3 Bxd4 24. cxd4 Qxc1 25. Rxc1 Rxc1+ 0-1

[Event "Challenge"]
[Site "http://www.queenalice.com/game.php?id=1397506"]
[Date "2015.12.6"]
[Round "-"]
[White "queirozglauber"]
[Black "ATeixeira"]
[Result "0-1"]
[WhiteElo "1716"]
[BlackElo "2099"]

1. e4 c5 2. Nf3 e6 3. d4 cxd4 4. Nxd4 Nc6 5. Be3 Qc7 6. Nc3 Nf6 7. f3 a6 8. a3
Be7 9. Qd2 d6 10. g4 h6 11. h4 b5 12. O-O-O Bb7 13. h5 Nxd4 14. Bxd4 Bc6 15. Qf2
Rb8 16. Na2 a5 17. Bc3 d5 18. e5 Nd7 19. Qg3 b4 20. axb4 axb4 21. Bd4 Qa5 22.
Kd2 Qxa2 23. Ra1 Qxa1 0-1

[Event "Challenge"]
[Site "http://www.queenalice.com/game.php?id=1398555"]
[Date "2015.12.12"]
[Round "-"]
[White "ATeixeira"]
[Black "queirozglauber"]
[Result "1-0"]
[WhiteElo "2093"]
[BlackElo "1714"]

1. e4 e5 2. Nf3 Nc6 3. Bb5 a6 4. Ba4 Nf6 5. d3 b5 6. Bb3 Be7 7. O-O O-O 8. Qe2
d6 9. Rd1 Bg4 10. c3 Na5 11. Bc2 c5 12. Nbd2 Nc6 13. Nf1 b4 14. Ng3 bxc3 15.
bxc3 g6 16. h3 Be6 17. d4 cxd4 18. cxd4 exd4 19. Bh6 Re8 20. Ba4 Bd7 21. Bb3 Bf8
22. Bxf8 Kxf8 23. Nxd4 Nxd4 24. Rxd4 Bb5 25. Qd2 Qe7 26. Qh6+ Kg8 27. Rad1 Rad8
28. Qf4 d5 29. exd5 Rd6 30. f3 Qe5 31. Qxe5 Rxe5 32. Ne4 Nxe4 33. Rxe4 Re8 34.
Rc1 Red8 35. Rc7 Kf8 36. Kf2 h5 37. g4 hxg4 38. hxg4 Bd7 39. Rb4 g5 40. Rbb7 Be8
41. Kg3 Rf6 42. Ra7 Kg7 43. Kf2 Bb5 44. Re7 Rc8 45. Rac7 Rxc7 46. Rxc7 Rd6 47.
Ke3 1-0

[Event "Challenge"]
[Site "http://www.queenalice.com/game.php?id=1400216"]
[Date "2015.12.23"]
[Round "-"]
[White "queirozglauber"]
[Black "ATeixeira"]
[Result "0-1"]
[WhiteElo "1712"]
[BlackElo "2097"]

1. d4 Nf6 2. c4 g6 3. Nc3 Bg7 4. e4 d6 5. Be3 c6 6. f3 Qc7 7. Rc1 a6 8. Bd3 O-O
9. Nge2 e5 10. d5 h5 11. c5 cxd5 12. Nxd5 Nxd5 13. exd5 Re8 14. O-O Nd7 15. b4
Nf6 16. Qb3 Bd7 17. cxd6 Qxd6 18. Bc5 Qb8 19. Bb6 Rc8 20. Nc3 Ne8 21. Ne4 Bh6
22. Nc5 Be3+ 23. Kh1 Bxc1 24. Nxd7 Qd6 0-1

[Event "Challenge"]
[Site "http://www.queenalice.com/game.php?id=1406441"]
[Date "2016.1.27"]
[Round "-"]
[White "queirozglauber"]
[Black "ATeixeira"]
[Result "0-1"]
[WhiteElo "1725"]
[BlackElo "2100"]

1. g3 e5 2. Bg2 Nf6 3. c4 Nc6 4. Nc3 Bc5 5. Nf3 d6 6. O-O Be6 7. b3 h6 8. Bb2 a6
9. e3 Ba7 10. d4 Bd7 11. dxe5 dxe5 12. Nd5 O-O 13. Nxe5 Nxe5 14. Bxe5 Nxd5 15.
Qxd5 c6 16. Qf3 Bc5 17. Rad1 Qe7 18. Bd4 Bb4 19. Bb6 a5 20. Qe4 Rfe8 21. Qxe7
Rxe7 22. e4 a4 23. Rd3 Be6 24. f4 Bg4 25. Rf2 axb3 26. Rxb3 Be1 27. Rfb2 Rd7 28.
h3 Bd1 0-1